[Event "Olimpiade 2014 - Open"]
[Site "Tromsø"]
[Date "02.08.2014"]
[Round "1.38"]
[Board "4"]
[White "Toufighi, Homayoon"]
[Black "Deras Flores, Rodolfo"]
[Result "1-0"]
[WhiteTitle "GM"]
[WhiteElo "2424"]
[BlackElo "1904"]
[WhiteTeam "Iran"]
[BlackTeam "Honduras"]
[WhiteFideId "12503592"]
[BlackFideId "8400490"]
[EventDate "2014.08.02"]

1. e4 c5 2. Nf3 e6 3. c3 d5 4. e5 d4 5. Bd3 Nc6 6. O-O Nge7 7. Be4 Bd7 8. b4
dxc3 9. bxc5 Ng6 10. d4 b6 11. cxb6 Bb4 12. Qd3 c2 13. Qxc2 Qxb6 14. Be3 Qa6 15.
d5 exd5 16. Bxd5 Rc8 17. Qb3 O-O 18. Bxc6 Bxc6 19. Qxb4 Bxf3 20. gxf3 Nxe5 21.
Nd2 Qg6+ 22. Kh1 Qh5 23. Qf4 h6 24. Rg1 Rc6 25. Rg3 Ng6 26. Qg4 Qb5 27. Rag1 Qb2
28. f4 Qb7 29. Qf3 Qb5 30. f5 Rf6 31. Ne4 Rxf5 32. Nd6 Rxf3 33. Nxb5 Rxg3 34.
hxg3 a6 35. Nc7 Rc8 36. Nxa6 Ra8 37. Nb4 Ra4 38. Bd2 Ne5 39. Re1 f6 40. Bc3 Kf7
41. Bxe5 fxe5 42. Nd3 Rxa2 43. Nxe5+ Kf6 44. Kg2 g5 45. Ng4+ Kg6 46. Rc1 Ra6 47.
Rc6+ Rxc6 48. Ne5+ Kf5 49. Nxc6 g4 50. Nb4 Ke4 51. Nc2 h5 52. Ne3 Ke5 53. Kf1
Ke6 54. Ke2 Kf6 55. Ng2 Kg5 56. Ke3 Kf5 57. Kd4 Kf6 58. Ke4 Kg6 59. Kf4 Kh6 60.
Nh4 1-0

[Event "Olimpiade 2014 - Open"]
[Site "Tromsø"]
[Date "02.08.2014"]
[Round "1.40"]
[Board "1"]
[White "Holland, Christopher"]
[Black "Ragger, Markus"]
[Result "0-1"]
[BlackTitle "GM"]
[WhiteElo "2270"]
[BlackElo "2644"]
[WhiteTeam "Guernsey"]
[BlackTeam "Austria"]
[WhiteFideId "10700072"]
[BlackFideId "1610856"]
[EventDate "2014.08.02"]

1. c4 g6 2. Nc3 c5 3. Nf3 Bg7 4. g3 Nc6 5. Bg2 d6 6. O-O Bf5 7. e4 Bg4 8. h3
Bxf3 9. Qxf3 e6 10. d3 Nge7 11. Bg5 O-O 12. Bxe7 Qxe7 13. Qe2 Rab8 14. Qd2 a6
15. Rae1 b5 16. f4 Nd4 17. f5 Be5 18. b3 gxf5 19. exf5 Nxf5 20. Nd5 Qd8 21. Be4
Ng7 0-1

[Event "Olimpiade 2014 - Open"]
[Site "Tromsø"]
[Date "02.08.2014"]
[Round "1.40"]
[Board "2"]
[White "Shengelia, David"]
[Black "Hamperl, Fred"]
[Result "1-0"]
[WhiteTitle "GM"]
[BlackTitle "FM"]
[WhiteElo "2556"]
[BlackElo "2119"]
[WhiteTeam "Austria"]
[BlackTeam "Guernsey"]
[WhiteFideId "13601270"]
[BlackFideId "10700110"]
[EventDate "2014.08.02"]

1. Nf3 c5 2. c4 g6 3. d4 Bg7 4. Nc3 cxd4 5. Nxd4 Nc6 6. Nxc6 bxc6 7. g3 Nh6 8.
Bg2 O-O 9. Bf4 e5 10. Be3 Qa5 11. Qa4 Qxa4 12. Nxa4 Nf5 13. Bc5 Rd8 14. Rd1 Bb7
15. g4 Nh4 16. Be4 Bf8 17. Bxf8 Kxf8 18. Nc5 Bc8 19. Bxc6 Rb8 20. b3 Ke7 21. Bf3
a5 22. Na4 Nxf3+ 23. exf3 Bb7 24. Ke2 Bc6 25. Nc3 a4 26. Rb1 f5 27. Rhd1 Kf6 28.
b4 e4 29. fxe4 fxg4 30. b5 Ba8 31. Ke3 Ke5 32. Rg1 h5 33. h3 Rbc8 34. Rb4 gxh3
35. Rxg6 Rf8 36. f4+ Rxf4 37. Rg5+ Ke6 38. Kxf4 1-0

[Event "Olimpiade 2014 - Open"]
[Site "Tromsø"]
[Date "02.08.2014"]
[Round "1.40"]
[Board "3"]
[White "Rowe, Peter"]
[Black "Kreisl, Robert"]
[Result "0-1"]
[WhiteTitle "CM"]
[BlackTitle "IM"]
[WhiteElo "1976"]
[BlackElo "2432"]
[WhiteTeam "Guernsey"]
[BlackTeam "Austria"]
[WhiteFideId "10700099"]
[BlackFideId "1613880"]
[EventDate "2014.08.02"]

1. d4 Nf6 2. Bf4 g6 3. Nf3 Bg7 4. e3 O-O 5. h3 c5 6. c3 d6 7. Be2 b6 8. O-O Bb7
9. Nbd2 Nbd7 10. a4 a6 11. Qb3 Rc8 12. Rac1 Qc7 13. Qa3 cxd4 14. exd4 Nd5 15.
Bg3 Bh6 16. Rcd1 Nf4 17. Rfe1 Nxe2+ 18. Rxe2 Nf6 19. Rde1 Rfe8 20. c4 Qd7 21. b3
Bf8 22. Qb4 Rb8 23. Qc3 Rbc8 24. Qb4 Rb8 25. Qc3 b5 26. axb5 axb5 27. Qd3 bxc4
28. bxc4 Qa4 29. Rc1 Bh6 30. Qc2 Qa6 31. Rb1 Rbc8 32. Rb4 Nh5 33. Bh2 Nf4 34.
Re1 Bxf3 35. Nxf3 Qc6 36. Bxf4 Bxf4 37. Reb1 e5 38. Qa4 Qxa4 39. Rxa4 exd4 40.
Nxd4 Re4 41. Rd1 Be5 42. Nb5 d5 43. f3 Rexc4 44. Ra6 Rc1 45. Rxc1 Rxc1+ 46. Kf2
Rc2+ 47. Kf1 Bg3 48. Ra1 Rf2+ 49. Kg1 Rb2 50. Nc3 d4 51. Ne4 Bf4 52. Kf1 Be3 53.
g4 f5 54. gxf5 gxf5 55. Ra8+ Kg7 56. Ra7+ Kg6 57. Ra6+ Kh5 58. Nf6+ Kg5 59. Nd5
Rf2+ 60. Ke1 Rxf3 61. Nxe3 dxe3 62. h4+ Kg4 63. Rh6 Rh3 0-1

[Event "Olimpiade 2014 - Open"]
[Site "Tromsø"]
[Date "02.08.2014"]
[Round "1.40"]
[Board "4"]
[White "Schreiner, Peter"]
[Black "Brookfield, Toby"]
[Result "1-0"]
[WhiteTitle "IM"]
[BlackTitle "CM"]
[WhiteElo "2460"]
[BlackElo "1889"]
[WhiteTeam "Austria"]
[BlackTeam "Guernsey"]
[WhiteFideId "1621645"]
[BlackFideId "10700234"]
[EventDate "2014.08.02"]

1. d4 f5 2. g3 Nf6 3. Bg2 e6 4. Nf3 Be7 5. O-O O-O 6. c4 d6 7. Nc3 Qe8 8. b3 Ne4
9. Nxe4 fxe4 10. Nd2 d5 11. f3 Bf6 12. Bb2 exf3 13. Nxf3 c5 14. Qd2 Na6 15. dxc5
Bxb2 16. Qxb2 dxc4 17. b4 Nc7 18. Ne5 Nd5 19. Nxc4 Nf6 20. Nd6 Qh5 21. Bf3 Ng4
22. Bxg4 Rxf1+ 23. Rxf1 Qxg4 24. Rf7 e5 25. Qxe5 Be6 26. Re7 1-0

[Event "Olimpiade 2014 - Open"]
[Site "Tromsø"]
[Date "02.08.2014"]
[Round "1.41"]
[Board "1"]
[White "Predojevic, Borki"]
[Black "Shrestha, Sujendra Prasad"]
[Result "1-0"]
[WhiteTitle "GM"]
[BlackTitle "FM"]
[WhiteElo "2604"]
[BlackElo "1930"]
[WhiteTeam "Bosnia & Herzegovina"]
[BlackTeam "Nepal"]
[WhiteFideId "930849"]
[BlackFideId "12300519"]
[EventDate "2014.08.02"]

1. c4 c5 2. g3 Nf6 3. Bg2 g6 4. Nc3 Nc6 5. Nf3 Bg7 6. O-O O-O 7. d4 d6 8. d5 Nb8
9. Qc2 Nbd7 10. e4 a6 11. a4 Ng4 12. h3 Nge5 13. Nd2 Nb6 14. b3 a5 15. f4 Ned7
16. Bb2 e5 17. dxe6 fxe6 18. Nb5 Nf6 19. Rad1 Qe7 20. Nxd6 Qxd6 21. e5 Qe7 22.
exf6 Bxf6 23. Bxf6 Rxf6 24. Rfe1 Rf5 25. Ne4 Qc7 26. Qc3 e5 27. Nd6 Bd7 28. fxe5
Be6 29. Nxf5 gxf5 30. Rd6 Kf7 31. Qf3 Nc8 32. Qh5+ 1-0

[Event "Olimpiade 2014 - Open"]
[Site "Tromsø"]
[Date "02.08.2014"]
[Round "1.41"]
[Board "2"]
[White "Rajbhandari, Rijendra"]
[Black "Stojanovic, Dalibor"]
[Result "0-1"]
[BlackTitle "GM"]
[WhiteElo "2061"]
[BlackElo "2503"]
[WhiteTeam "Nepal"]
[BlackTeam "Bosnia & Herzegovina"]
[WhiteFideId "12300403"]
[BlackFideId "922692"]
[EventDate "2014.08.02"]

1. d4 Nf6 2. c4 g6 3. g3 Bg7 4. Bg2 O-O 5. Nc3 d6 6. Nf3 Nbd7 7. O-O e5 8. e4 c6
9. h3 Qa5 10. Be3 Nb6 11. Nd2 exd4 12. Bxd4 Be6 13. Nb3 Qb4 14. c5 Bxb3 15. Qxb3
Qxd4 16. cxb6 Qxb6 17. Qxb6 axb6 18. Rfd1 Rfd8 19. Rd3 b5 20. a4 Ne8 21. a5 b4
22. Nd1 Ra7 23. Ra4 c5 24. b3 Rda8 25. Ne3 Rxa5 26. Rxa5 Rxa5 27. Nc4 Ra1+ 28.
Kh2 Bd4 29. e5 dxe5 30. Bxb7 Ra2 31. Rf3 Kg7 32. Kg2 Nc7 33. g4 Ne6 34. Nd6 Ng5
35. Rd3 Rxf2+ 36. Kg3 Re2 37. h4 Bf2+ 38. Kg2 Bxh4+ 39. Kg1 e4 40. Nxe4 Nxe4 41.
Bxe4 Rxe4 42. Rd5 Rxg4+ 43. Kf1 c4 44. bxc4 Rxc4 0-1

[Event "Olimpiade 2014 - Open"]
[Site "Tromsø"]
[Date "02.08.2014"]
[Round "1.41"]
[Board "3"]
[White "Kadric, Denis"]
[Black "Maharjan, Sajin"]
[Result "1-0"]
[WhiteTitle "IM"]
[WhiteElo "2473"]
[BlackElo "1980"]
[WhiteTeam "Bosnia & Herzegovina"]
[BlackTeam "Nepal"]
[WhiteFideId "14403803"]
[BlackFideId "12301906"]
[EventDate "2014.08.02"]

1. e4 c5 2. Nc3 Nc6 3. Nge2 g6 4. d4 cxd4 5. Nxd4 Bg7 6. Be3 Nf6 7. Bc4 Qa5 8.
O-O O-O 9. Bb3 d6 10. h3 Bd7 11. Re1 Rfe8 12. Nf3 Rac8 13. Qe2 Ne5 14. Nd2 Bc6
15. a3 Ned7 16. Ba2 Qc7 17. Rac1 e6 18. Nb5 Bxb5 19. Qxb5 a6 20. Qf1 Nb8 21. c3
Nfd7 22. f3 b5 23. Rc2 d5 24. exd5 exd5 25. Nb3 Qc4 26. Qf2 d4 27. Bd2 Rxe1+ 28.
Bxe1 Bh6 29. Qxd4 Qxd4+ 30. Nxd4 Be3+ 31. Bf2 Bxf2+ 32. Kxf2 Kf8 33. Re2 Nc5 34.
Ke3 Na4 35. Kd3 Nd7 36. Kc2 Nf6 37. g4 Nd7 38. f4 Re8 39. Rxe8+ Kxe8 40. c4 bxc4
41. Bxc4 a5 42. Nc6 Nab6 43. Nxa5 Nc5 44. Kd2 Ke7 45. b4 Nb7 46. Bxf7 Kxf7 47.
Nxb7 Nc4+ 48. Kc3 Nxa3 49. Nd6+ Ke6 50. Kb2 1-0

[Event "Olimpiade 2014 - Open"]
[Site "Tromsø"]
[Date "02.08.2014"]
[Round "1.41"]
[Board "4"]
[White "Shrestha, Keshav"]
[Black "Marjanovic, Dejan"]
[Result "0-1"]
[WhiteTitle "CM"]
[BlackTitle "FM"]
[WhiteElo "2137"]
[BlackElo "2373"]
[WhiteTeam "Nepal"]
[BlackTeam "Bosnia & Herzegovina"]
[WhiteFideId "12300055"]
[BlackFideId "14402661"]
[EventDate "2014.08.02"]

1. e4 d6 2. d4 g6 3. Nc3 Bg7 4. f4 c6 5. a4 d5 6. e5 h5 7. Nf3 Nh6 8. Bd3 Bf5 9.
O-O e6 10. b3 Nd7 11. Ba3 Bf8 12. Bxf8 Kxf8 13. Ne2 Kg7 14. Qd2 Qe7 15. Ng3 Bxd3
16. Qxd3 h4 17. Ne2 Nf5 18. g4 hxg3 19. hxg3 c5 20. c3 Rac8 21. Kg2 c4 22. bxc4
dxc4 23. Qe4 Nb6 24. Rh1 Nd5 25. Ng5 Rce8 26. g4 Nfe3+ 27. Kg3 Qd8 28. a5 Rxh1
29. Rxh1 Rh8 30. Rxh8 Qxh8 31. Qb1 b6 32. axb6 Nxb6 33. Qe4 Nbd5 34. Qb1 Nxg4
35. Nxe6+ fxe6 36. Qb7+ Kh6 37. Kxg4 Qf8 38. Kh4 Nxf4 39. Nxf4 Qxf4+ 40. Kh3
Qe3+ 41. Kg4 Qe2+ 42. Kg3 Qe1+ 43. Kg2 Qd2+ 44. Kh1 Qxc3 45. Qxa7 Qf3+ 46. Kh2
c3 47. Qb8 c2 48. Qh8+ Kg5 49. Qd8+ Kg4 50. Qc8 Qf4+ 51. Kg2 c1=Q 52. Qxe6+ Qf5 0-1

[Event "Olimpiade 2014 - Open"]
[Site "Tromsø"]
[Date "02.08.2014"]
[Round "1.42"]
[Board "1"]
[White "Mesfin, Leykun"]
[Black "Gretarsson, Hjorvar Steinn"]
[Result "0-1"]
[BlackTitle "GM"]
[WhiteElo "2131"]
[BlackElo "2543"]
[WhiteTeam "Ethiopia"]
[BlackTeam "Iceland"]
[WhiteFideId "15700097"]
[BlackFideId "2302241"]
[EventDate "2014.08.02"]

1. e4 c5 2. Nf3 e6 3. d4 cxd4 4. Nxd4 Nc6 5. Nxc6 bxc6 6. Bd3 Nf6 7. O-O d5 8.
e5 Nd7 9. f4 Ba6 10. Be3 Bxd3 11. Qxd3 Bc5 12. Nd2 Qb6 13. Bxc5 Nxc5 14. Qe3 Na4
15. Qxb6 axb6 16. b3 Nc3 17. a4 c5 18. Kf2 Kd7 19. Ke3 g6 20. Kd3 d4 21. Nc4 Kc6
22. g3 Nd5 23. Nd6 f5 24. Nb5 h6 25. c4 dxc3 26. Nxc3 Nb4+ 27. Ke2 g5 28. Rad1
Rad8 29. Nb5 gxf4 30. gxf4 Rxd1 31. Rxd1 Nd5 32. Kf3 Rg8 33. Nc3 Nxc3 34. Rd6+
Kc7 35. Rxe6 Rd8 36. Rf6 Rd3+ 37. Kg2 Nd5 38. Rxh6 Nxf4+ 39. Kf2 Rxb3 40. Rf6
Nd3+ 41. Ke2 Nxe5 42. Rxf5 Kd6 43. h4 Rb4 44. h5 Ke6 45. Rf8 Rxa4 46. h6 Rh4 47.
Rh8 Rh2+ 48. Kd1 b5 49. h7 Nf7 50. Rb8 b4 51. Rc8 Kd5 52. Rc7 Rxh7 53. Kc2 Kc4
54. Kb2 Rh2+ 55. Kb1 Ne5 0-1

[Event "Olimpiade 2014 - Open"]
[Site "Tromsø"]
[Date "02.08.2014"]
[Round "1.42"]
[Board "2"]
[White "Kjartansson, Gudmundur"]
[Black "Tadese, Estube Haileselassie"]
[Result "1-0"]
[WhiteTitle "IM"]
[WhiteElo "2448"]
[BlackElo "1952"]
[WhiteTeam "Iceland"]
[BlackTeam "Ethiopia"]
[WhiteFideId "2301318"]
[BlackFideId "15700330"]
[EventDate "2014.08.02"]

1. c4 c5 2. g3 Nf6 3. Bg2 g6 4. Nf3 Bg7 5. Nc3 O-O 6. d4 cxd4 7. Nxd4 Nc6 8. O-O
Nxd4 9. Qxd4 d6 10. Qd3 Bf5 11. e4 Be6 12. Bd2 Ng4 13. b3 Rc8 14. Rac1 a6 15. h3
Ne5 16. Qe3 Qd7 17. Kh2 Nc6 18. Nd5 Bxd5 19. cxd5 Nd4 20. Bc3 Nb5 21. Bxg7 Kxg7
22. a4 Nc7 23. h4 Rfd8 24. Bh3 e6 25. h5 Qe7 26. Rc4 gxh5 27. Rfc1 Rd7 28. Qc3+
Kg8 29. Rc2 Qe8 30. Qa5 Qe7 31. f4 h4 32. Qc3 b5 33. Rc6 bxa4 34. bxa4 hxg3+ 35.
Qxg3+ Kf8 36. f5 Rb8 37. fxe6 1-0

[Event "Olimpiade 2014 - Open"]
[Site "Tromsø"]
[Date "02.08.2014"]
[Round "1.42"]
[Board "3"]
[White "Belachew, Yimam Abera"]
[Black "Thorhallsson, Throstur"]
[Result "0-1"]
[WhiteTitle "FM"]
[BlackTitle "GM"]
[WhiteElo "2194"]
[BlackElo "2426"]
[WhiteTeam "Ethiopia"]
[BlackTeam "Iceland"]
[WhiteFideId "15700046"]
[BlackFideId "2300109"]
[EventDate "2014.08.02"]

1. e4 c5 2. Nf3 Nc6 3. d4 cxd4 4. Nxd4 Nf6 5. Nc3 d6 6. Be2 e6 7. O-O Be7 8. Be3
O-O 9. f4 a6 10. Nxc6 bxc6 11. e5 Nd5 12. Nxd5 cxd5 13. Bd3 g6 14. Rf3 Qc7 15.
Bd4 dxe5 16. Bxe5 Bd6 17. Qe2 f6 18. Bxd6 Qxd6 19. Qf2 Bd7 20. h4 e5 21. Rd1 Bg4
22. Be4 Bxf3 23. Bxf3 exf4 24. c4 Kh8 25. Rxd5 Qe7 26. Rd4 Rab8 27. b3 g5 28.
hxg5 fxg5 29. Re4 Qg7 30. Qe2 Rbd8 31. Re7 Qd4+ 32. Kh2 Rd6 33. Re6 Rxe6 34.
Qxe6 a5 35. Bd5 Qe3 36. Qg4 Qe5 37. Bf3 h5 38. Qd7 g4 39. Qd5 Qxd5 40. Bxd5 Kg7
41. a3 Rb8 42. c5 Rb5 43. b4 axb4 44. axb4 Rxb4 45. c6 Rb1 46. g3 f3 47. Be6 Rc1
48. Bd7 f2 0-1

[Event "Olimpiade 2014 - Open"]
[Site "Tromsø"]
[Date "02.08.2014"]
[Round "1.43"]
[Board "1"]
[White "Michiels, Bart"]
[Black "Gateri, Martin"]
[Result "1-0"]
[WhiteTitle "GM"]
[BlackTitle "FM"]
[WhiteElo "2535"]
[BlackElo "2064"]
[WhiteTeam "Belgium"]
[BlackTeam "Kenya"]
[WhiteFideId "202967"]
[BlackFideId "10800174"]
[EventDate "2014.08.02"]

1. d4 d5 2. c4 e6 3. Nc3 c6 4. e3 Nf6 5. Nf3 Nbd7 6. Qc2 Be7 7. Bd3 dxc4 8. Bxc4
b5 9. Bd3 Bb7 10. e4 b4 11. Na4 h6 12. O-O Qa5 13. Bf4 Rc8 14. Nd2 Ba6 15. Bxa6
Qxa6 16. Nc5 Nxc5 17. dxc5 O-O 18. Bd6 Bxd6 19. cxd6 e5 20. Nc4 c5 21. Rfd1 Nd7
22. b3 Rfe8 23. Rd5 Re6 24. Rad1 Rd8 25. g3 Qc6 26. R1d3 Ra8 27. Qb2 Qb5 28. Rd1
Rae8 29. a3 bxa3 30. Qxa3 a6 31. Ra1 Ra8 32. Rd3 a5 33. Qa4 Qxa4 34. Rxa4 Ree8
35. Nxa5 Rec8 36. Nc4 f6 37. f4 exf4 38. gxf4 Kf7 39. Kf2 g5 40. f5 h5 41. Rd2
Rxa4 42. bxa4 Ra8 43. a5 Ke8 44. Rb2 Ra7 45. Rb5 Kd8 46. Ke3 Kc8 47. Kd3 Kd8 48.
Kc3 g4 49. Kd3 Ke8 50. Ke3 Nf8 51. Rxc5 Nh7 52. Nb6 Nf8 53. Rc8+ 1-0

[Event "Olimpiade 2014 - Open"]
[Site "Tromsø"]
[Date "02.08.2014"]
[Round "1.43"]
[Board "2"]
[White "Magana, Ben"]
[Black "Ringoir, Tanguy"]
[Result "0-1"]
[WhiteTitle "CM"]
[BlackTitle "IM"]
[WhiteElo "2085"]
[BlackElo "2508"]
[WhiteTeam "Kenya"]
[BlackTeam "Belgium"]
[WhiteFideId "10800166"]
[BlackFideId "208027"]
[EventDate "2014.08.02"]

1. e4 e5 2. Nf3 Nc6 3. Bb5 g6 4. O-O Bg7 5. c3 a6 6. Ba4 Nge7 7. d4 exd4 8. cxd4
O-O 9. Nc3 b5 10. Bb3 d6 11. h3 Na5 12. Bc2 c5 13. Bg5 h6 14. Bf4 Nc4 15. Bc1
Qb6 16. b3 cxd4 17. bxc4 dxc3 18. Be3 Qc7 19. cxb5 axb5 20. Qd3 d5 21. Nd4 b4
22. Rfb1 Ba6 23. Qd1 dxe4 24. Bxe4 Rab8 25. Qa4 Qc4 26. Rd1 Bb7 27. Bxb7 Rxb7
28. Nc2 Nf5 29. a3 Nxe3 30. fxe3 Rb5 31. axb4 Rg5 32. b5 Qxb5 33. Qxb5 Rxb5 34.
Rac1 Rb2 35. Kf1 Ra8 36. Ke2 h5 37. Rd5 Kf8 38. Kd3 Ke7 39. Re1 Ke6 40. e4 Ra4
41. Rc5 Be5 42. Re2 Rb1 43. Re1 Rxe1 44. Nxe1 Ra2 45. Nf3 Bd6 46. Nd4+ Ke7 47.
Rxc3 Rxg2 48. Kc4 Be5 49. Kd5 Bxd4 50. Kxd4 h4 51. Rc7+ Kf8 52. Rc3 Rg3 53. Rxg3
hxg3 54. Ke3 f5 0-1

[Event "Olimpiade 2014 - Open"]
[Site "Tromsø"]
[Date "02.08.2014"]
[Round "1.43"]
[Board "3"]
[White "Docx, Stefan"]
[Black "Atwoli, Joseph"]
[Result "1-0"]
[WhiteTitle "IM"]
[WhiteElo "2491"]
[BlackElo "2046"]
[WhiteTeam "Belgium"]
[BlackTeam "Kenya"]
[WhiteFideId "200778"]
[BlackFideId "10800816"]
[EventDate "2014.08.02"]

1. g3 Nc6 2. Bg2 e5 3. d3 f5 4. b3 Nf6 5. Bb2 d6 6. e3 Be7 7. Ne2 O-O 8. O-O Qe8
9. c4 Qh5 10. Nec3 Qxd1 11. Rxd1 Nb4 12. a3 Na6 13. b4 c5 14. Nb5 Rd8 15. N1c3
Kf8 16. Na4 Nd7 17. Bc3 Nb6 18. Nb2 Nd7 19. Rf1 Nf6 20. Rad1 d5 21. Bxe5 cxb4
22. axb4 Bd7 23. Nc3 Nxb4 24. Rd2 Bc6 25. cxd5 Nfxd5 26. Ne2 Bf6 27. Bxf6 Nxf6
28. Nd4 Bxg2 29. Kxg2 Rd5 30. Ne6+ Kf7 31. Nc7 Rdd8 32. Nxa8 Rxa8 33. Nc4 Ke6
34. Rb1 a5 35. Nxa5 1-0

[Event "Olimpiade 2014 - Open"]
[Site "Tromsø"]
[Date "02.08.2014"]
[Round "1.43"]
[Board "4"]
[White "Ouma, Stephen"]
[Black "Vandenbussche, Thibaut"]
[Result "0-1"]
[BlackTitle "FM"]
[WhiteElo "2038"]
[BlackElo "2411"]
[WhiteTeam "Kenya"]
[BlackTeam "Belgium"]
[WhiteFideId "10800824"]
[BlackFideId "204412"]
[EventDate "2014.08.02"]

1. e4 d6 2. d4 Nf6 3. Nc3 e5 4. Nf3 exd4 5. Nxd4 Be7 6. Be2 O-O 7. O-O Re8 8.
Be3 Bf8 9. Bg5 h6 10. Bxf6 Qxf6 11. f4 c6 12. Qd2 Nd7 13. b4 Qd8 14. Rab1 Nf6
15. Bf3 Bg4 16. Bxg4 Nxg4 17. b5 Qc7 18. bxc6 bxc6 19. Qe2 Nf6 20. Qd3 g6 21.
Qa6 Rab8 22. Rxb8 Rxb8 23. Qxc6 Qxc6 24. Nxc6 Rc8 25. Nd5 Rxc6 26. Nxf6+ Kg7 27.
Ne8+ Kh8 28. Rb1 Rc8 29. Nf6 Kg7 30. e5 dxe5 31. fxe5 Bc5+ 32. Kf1 Bd4 33. Re1
Rxc2 34. Re2 Rc1+ 35. Re1 Rxe1+ 36. Kxe1 Bxe5 37. Ng4 Bd4 38. h3 f5 39. Nh2 Kf6
40. Nf3 Bb6 41. Ke2 Bc7 42. Kd3 g5 43. g4 Kg6 44. Nd4 fxg4 45. hxg4 h5 46. Nc6
hxg4 47. Ne7+ Kh5 48. Nd5 Bb6 49. Ke4 Kh4 50. Nc3 Kh3 51. Kf5 g3 52. Kxg5 g2 53.
Ne2 g1=Q+ 54. Nxg1+ Bxg1 55. Kf4 Kg2 56. Ke4 Kf2 57. Kd3 Ke1 58. Kc2 Ke2 59. Kc3
Kd1 60. Kd3 Kc1 61. Kc3 Kb1 62. Kb3 Bd4 63. a3 Be5 64. a4 a5 65. Kc4 Kb2 66. Kd5
Kb3 67. Kc5 Kxa4 0-1

[Event "Olimpiade 2014 - Open"]
[Site "Tromsø"]
[Date "02.08.2014"]
[Round "1.44"]
[Board "1"]
[White "Blijstra, Wim"]
[Black "Svetushkin, Dmitry"]
[Result "0-1"]
[BlackTitle "GM"]
[WhiteElo "2201"]
[BlackElo "2547"]
[WhiteTeam "Netherlands Antilles"]
[BlackTeam "Moldova"]
[WhiteFideId "1018000"]
[BlackFideId "13900463"]
[EventDate "2014.08.02"]

1. d4 d5 2. Nf3 Nf6 3. c4 c6 4. Nc3 dxc4 5. a4 Bf5 6. e3 e6 7. Bxc4 Bb4 8. O-O
O-O 9. Qe2 Bg4 10. Rd1 Nbd7 11. e4 h6 12. h3 Bh5 13. Bf4 Re8 14. Na2 Ba5 15. b4
Bc7 16. e5 Nd5 17. Bd2 a5 18. Bd3 Nf8 19. b5 Bb6 20. g4 Bg6 21. bxc6 bxc6 22.
Rac1 Rc8 23. Rc4 Re7 24. Nc1 c5 25. dxc5 Rxc5 26. Bxg6 Nxg6 27. Be3 Rxc4 28.
Bxb6 Qc8 29. Be3 0-1

[Event "Olimpiade 2014 - Open"]
[Site "Tromsø"]
[Date "02.08.2014"]
[Round "1.44"]
[Board "2"]
[White "Hamitevici, Vladimir"]
[Black "Maduro, Sherman"]
[Result "1-0"]
[WhiteTitle "IM"]
[BlackTitle "CM"]
[WhiteElo "2467"]
[BlackElo "1993"]
[WhiteTeam "Moldova"]
[BlackTeam "Netherlands Antilles"]
[WhiteFideId "13902393"]
[BlackFideId "7500122"]
[EventDate "2014.08.02"]

1. Nf3 Nf6 2. c4 d5 3. cxd5 Nxd5 4. e4 Nb6 5. d4 Bg4 6. Bb5+ c6 7. Be2 Bxf3 8.
Bxf3 g6 9. O-O Bg7 10. d5 O-O 11. Nc3 Qc7 12. Bg5 Nc4 13. Rc1 Qe5 14. Bh4 Na6
15. dxc6 Rad8 16. Qe2 b5 17. Nd5 g5 18. Bg3 Qxb2 19. Nxe7+ Kh8 20. Qxb2 Bxb2 21.
Rc2 f6 22. c7 Nxc7 23. Bxc7 Rd7 24. Nd5 Rc8 25. Rb1 1-0

[Event "Olimpiade 2014 - Open"]
[Site "Tromsø"]
[Date "02.08.2014"]
[Round "1.44"]
[Board "3"]
[White "Da Silva, John"]
[Black "Cerbulenco, Liviu"]
[Result "0-1"]
[WhiteElo "1996"]
[BlackElo "2203"]
[WhiteTeam "Netherlands Antilles"]
[BlackTeam "Moldova"]
[WhiteFideId "15900061"]
[BlackFideId "13904906"]
[EventDate "2014.08.02"]

1. d4 Nf6 2. Nf3 g6 3. c4 Bg7 4. Nc3 d5 5. Bg5 Ne4 6. cxd5 Nxg5 7. Nxg5 e6 8.
dxe6 Qxg5 9. exf7+ Kxf7 10. Qb3+ Kf8 11. Rd1 Qa5 12. Rd3 Bf6 13. e4 Kg7 14. f4
Rd8 15. d5 Be7 16. h4 Nd7 17. Qb5 Bb4 18. Qc4 Qc5 19. Qd4+ Qxd4 20. Rxd4 c5 21.
Rxb4 cxb4 22. Nb5 Nc5 23. e5 Rxd5 24. Nc7 Rd8 25. Nxa8 Bg4 26. Nc7 Rd1+ 27. Kf2
Ne4+ 28. Ke3 Ng3 0-1

[Event "Olimpiade 2014 - Open"]
[Site "Tromsø"]
[Date "02.08.2014"]
[Round "1.44"]
[Board "4"]
[White "Sanduleac, Vasile"]
[Black "Izijk, Jimmy"]
[Result "1-0"]
[WhiteTitle "GM"]
[WhiteElo "2396"]
[BlackElo "2026"]
[WhiteTeam "Moldova"]
[BlackTeam "Netherlands Antilles"]
[WhiteFideId "13900161"]
[BlackFideId "7500041"]
[EventDate "2014.08.02"]

1. e4 c5 2. Nf3 d6 3. d4 cxd4 4. Qxd4 Nc6 5. Bb5 Bd7 6. Bxc6 Bxc6 7. Nc3 Nf6 8.
Bg5 e6 9. O-O-O Be7 10. Rhe1 Qc7 11. Kb1 a6 12. Bxf6 gxf6 13. Nd5 Qd8 14. Nxe7
Kxe7 15. e5 fxe5 16. Nxe5 Qc7 17. Qh4+ Ke8 18. Nc4 Rd8 19. Qd4 Ke7 20. Nxd6 Rhg8
21. Nf5+ Ke8 22. Ng7+ Ke7 23. Qh4+ 1-0

[Event "Olimpiade 2014 - Open"]
[Site "Tromsø"]
[Date "02.08.2014"]
[Round "1.45"]
[Board "1"]
[White "Gonzalez Zamora, Juan Carlos"]
[Black "Boydia, Sidi"]
[Result "1-0"]
[WhiteTitle "GM"]
[BlackTitle "FM"]
[WhiteElo "2544"]
[BlackElo "2068"]
[WhiteTeam "Mexico"]
[BlackTeam "Mauritania"]
[WhiteFideId "3507548"]
[BlackFideId "19600100"]
[EventDate "2014.08.02"]

1. d4 d5 2. Nf3 Nf6 3. g3 e6 4. Bg2 Be7 5. O-O O-O 6. c4 c6 7. Nbd2 Nbd7 8. Qc2
b6 9. e4 dxe4 10. Nxe4 Bb7 11. Rd1 Nxe4 12. Qxe4 Qc8 13. Bf4 Nf6 14. Qe2 Re8 15.
Bh3 Ba6 16. Ne5 Bd6 17. Rac1 Nd7 18. Bg2 Nxe5 19. Bxe5 Qc7 20. Qe4 Rac8 21. c5
Bxe5 22. dxe5 bxc5 23. Rxc5 Red8 24. Rxd8+ Qxd8 25. h4 Bb7 26. b4 g6 27. Bf3 h5
28. Qe3 Qb6 29. a3 Rd8 30. Kh2 Rd7 31. Kg2 Qa6 32. Ra5 Qb6 33. Rxa7 c5 34. Rxb7
Rxb7 35. bxc5 Qc7 36. Bxb7 Qxb7+ 37. Kh2 Kf8 38. Qc3 Qc6 39. Qd4 Ke8 40. Kg1 1-0

[Event "Olimpiade 2014 - Open"]
[Site "Tromsø"]
[Date "02.08.2014"]
[Round "1.45"]
[Board "2"]
[White "Hemam, Moulaye Brahim"]
[Black "Hernandez Guerrero, Gilberto"]
[Result "0-1"]
[WhiteTitle "CM"]
[BlackTitle "GM"]
[WhiteElo "2070"]
[BlackElo "2519"]
[WhiteTeam "Mauritania"]
[BlackTeam "Mexico"]
[WhiteFideId "19600054"]
[BlackFideId "5100011"]
[EventDate "2014.08.02"]

1. d4 Nf6 2. Nc3 d6 3. Nf3 Nbd7 4. Bg5 e5 5. e4 Be7 6. Bxf6 Bxf6 7. Nd5 O-O 8.
Qd2 exd4 9. O-O-O c5 10. Ne1 Nb6 11. Nxf6+ Qxf6 12. f3 Be6 13. b3 d5 14. Kb1
Rfd8 15. Nd3 dxe4 16. fxe4 c4 17. e5 Qe7 18. Nf4 d3 19. Nxe6 Qxe6 0-1